| 000 | 00494nam a2200181 a 4500 | ||
|---|---|---|---|
| 001 | 353 | ||
| 003 | CO-ViMGA | ||
| 008 | 141112s2004 ck r 000 u spa d | ||
| 040 |
_aCO-ViMGA _bspa _cCO-ViMGA |
||
| 082 | _aBROm | ||
| 100 | 1 |
_aBrowne, Anthony _92847 |
|
| 245 | 1 | 0 |
_aMe gustan los libros / _cAnthony Browne |
| 260 |
_aBogotá : _bFondo de Cultura Económica, _c1993 |
||
| 300 | _a16 p : il | ||
| 490 | _aA la orilla del viento | ||
| 650 | 1 | 4 |
_aCUENTOS INFANTILES _92743 |
| 942 |
_2ddc _cBK |
||
| 999 |
_c11286 _d11286 |
||